000
00267nam a2200121Ia 4500
005
20251222144804.0
008
251222s9999||||xx |||||||||||||| ||spa||
082
_a
858.72/L44P
100
_a
Leopardi, Giacomo
245
0
_a
PoesÃas
264
_b
Trento
942
_c
LIB
999
_c
19857
_d
19857